000 00294nam a22001217a 4500
040 _cSY
082 _a635
100 _aNA
245 _aPostharvest handling of fresh cut flowers and plant material
260 _aUNIVERSITY AGRICULTUREAL EXPERIMENT STATION
_bNANA
300 _a11P.
942 _cEK
999 _c8796
_d8796